[Event "GRE-ch U18"]
[Site "Achaia"]
[Date "2017.06.26"]
[Round "1"]
[White "Danis, Hrisovalantis"]
[Black "Salifoglou, Ioannis"]
[Result "0-1"]
[WhiteElo "2029"]
[BlackElo "1612"]
[PlyCount "122"]
[EventDate "2017.06.26"]
[EventType "swiss"]
[EventRounds "7"]
[EventCountry "GRE"]
[SourceTitle "CBM 179 Extra"]
[Source "ChessBase"]
[SourceDate "2017.08.23"]
[SourceVersion "1"]
[SourceVersionDate "2017.08.23"]
[SourceQuality "1"]

1. e4 e5 2. Nf3 Nc6 3. Bc4 Bc5 4. c3 Nf6 5. d3 0-0 6. 0-0 d6 7. Bb3 h6 8. h3 Ne7 9. d4 Bb6 10. Re1 Ng6 11. Nbd2 c6 12. Nc4 Bc7 13. Bc2 Re8 14. d5 b5 15. Ne3 c5 16. a4 b4 17. cxb4 cxb4 18. Bd3 Bb6 19. Nc4 Bc5 20. a5 Nh7 21. Bd2 Qf6 22. Bf1 Ng5 23. Bxg5 hxg5 24. Ne3 Qf4 25. Nh2 Qxe4 26. Bd3 Qf4 27. Bxg6 fxg6 28. Rc1 Rf8 29. Qe2 Ba6 30. Qd2 Rac8 31. Nhg4 Qd4 32. Qc2 Qd3 33. Qxd3 Bxd3 34. b3 Bd4 35. Rc6 Rxc6 36. dxc6 Bc5 37. Nd5 Kf7 38. Nge3 Rc8 39. c7 Ke6 40. Rd1 Be4 41. Kf1 Bxe3 42. Nxe3 Rxc7 43. Rd2 Rc3 44. Rb2 Bd5 45. Nc2 Rxb3 46. Rxb3 Bxb3 47. Nxb4 Bc4+ 48. Ke1 Bb5 49. g3 d5 50. Kd2 d4 51. Na2 e4 52. Nb4 Kd6 53. Nc2 Kc5 54. Ne1 Bc6 55. Nc2 Bd7 56. h4 gxh4 57. gxh4 Bf5 58. Ne1 Kc4 59. Nc2 a6 60. Na3+ Kb3 61. Nc2 e3+ 0-1

[Event "Thessaloniki Triandria op 10th"]
[Site "Thessaloniki"]
[Date "2017.04.20"]
[Round "5"]
[White "Danis, Hrisovalantis"]
[Black "Inkiov, Ventzislav"]
[Result "0-1"]
[WhiteElo "2074"]
[BlackElo "2448"]
[PlyCount "116"]
[EventDate "2017.04.17"]
[EventType "swiss"]
[EventRounds "9"]
[EventCountry "GRE"]
[SourceTitle "CBM 178 Extra"]
[Source "ChessBase"]
[SourceDate "2017.06.22"]
[SourceVersion "1"]
[SourceVersionDate "2017.06.22"]
[SourceQuality "1"]

1. e4 c5 2. Nf3 d6 3. Bb5+ Nd7 4. d4 cxd4 5. Qxd4 Ngf6 6. Bg5 Qa5+ 7. Nc3 a6 8. Bxd7+ Nxd7 9. 0-0 e6 10. Rfe1 f6 11. Bd2 Qc7 12. a4 Ne5 13. Nxe5 dxe5 14. Qd3 Bd7 15. Red1 Bc5 16. Be3 0-0-0 17. Bxc5 Qxc5 18. Qd6 Qxd6 19. Rxd6 Bc6 20. Rad1 Rxd6 21. Rxd6 Kc7 22. Rd2 g6 23. f3 f5 24. Re2 Kd6 25. b3 Kc5 26. Nb1 Re8 27. Nd2 b5 28. axb5 Bxb5 29. c4 Bc6 30. Kf2 Kb4 31. Re3 g5 32. Rd3 h5 33. h3 a5 34. exf5 exf5 35. Rd6 Ba8 36. Ke3 g4 37. Rh6 gxh3 38. gxh3 Kc3 39. Rxh5 f4+ 40. Ke2 Rg8 41. Ne4+ Bxe4 42. fxe4 Kd4 43. Rh6 Rg2+ 44. Kf1 f3 45. Rd6+ Ke3 46. Rd1 Rh2 47. Kg1 Ke2 48. Rc1 Rg2+ 49. Kh1 Rg8 50. Rc2+ Kd3 51. Rc1 f2 52. c5 Kd2 53. Rb1 Ke2 54. Rb2+ Kf3 55. Rb1 Kxe4 56. c6 Kf3 57. c7 e4 58. Rc1 e3 0-1

[Event "GRE-ch U16"]
[Site "Rio Achaia"]
[Date "2015.06.27"]
[Round "2.5"]
[White "Danis, Hrisovalantis"]
[Black "Tsiros, Fragkiskos Vlasios"]
[Result "0-1"]
[WhiteElo "1902"]
[BlackElo "2230"]
[PlyCount "74"]
[EventDate "2015.06.26"]
[EventType "swiss"]
[EventRounds "9"]
[EventCountry "GRE"]
[SourceTitle "EXT 2024"]
[Source "ChessBase"]
[SourceDate "2023.10.10"]
[SourceVersion "1"]
[SourceVersionDate "2023.10.10"]
[SourceQuality "1"]

1. e4 c5 2. Nf3 e6 3. d3 Nc6 4. g3 e5 5. Bg2 Nf6 6. Nc3 Be7 7. 0-0 0-0 8. Re1 d6 9. h3 h6 10. Be3 Be6 11. Nd2 d5 12. exd5 Nxd5 13. Nxd5 Bxd5 14. Bxd5 Qxd5 15. Qf3 Qd7 16. Qg2 Nb4 17. Rec1 f5 18. Nc4 Qe6 19. Bd2 Nc6 20. a4 Nd4 21. Re1 e4 22. Rac1 Qd5 23. Kh1 Nf3 24. Re2 Bf6 25. b3 Rae8 26. dxe4 fxe4 27. Bf4 g5 28. Be3 Bc3 29. Qf1 Rd8 30. Rb1 Rf6 31. Rc1 Kh7 32. Rb1 Rf7 33. Bc1 Nd4 34. Re3 Rdf8 35. Kg2 Nxc2 36. Rxc3 e3+ 37. f3 Rxf3 0-1

[Event "GRE-ch U16"]
[Site "Rio Achaia"]
[Date "2015.06.26"]
[Round "1.14"]
[White "Prokopiou, Ioannis"]
[Black "Danis, Hrisovalantis"]
[Result "0-1"]
[WhiteElo "1553"]
[BlackElo "1902"]
[PlyCount "70"]
[EventDate "2015.06.26"]
[EventType "swiss"]
[EventRounds "9"]
[EventCountry "GRE"]
[SourceTitle "EXT 2024"]
[Source "ChessBase"]
[SourceDate "2023.10.10"]
[SourceVersion "1"]
[SourceVersionDate "2023.10.10"]
[SourceQuality "1"]

1. d4 Nf6 2. c4 g6 3. Nf3 Bg7 4. Nc3 0-0 5. Bf4 d6 6. h3 Nbd7 7. e3 b6 8. Be2 Bb7 9. Qc2 Re8 10. 0-0 e5 11. Bh2 Qe7 12. b4 Nh5 13. Rab1 f5 14. dxe5 dxe5 15. Nd5 Bxd5 16. cxd5 f4 17. exf4 exf4 18. Rfe1 Ne5 19. Nxe5 Qxe5 20. Bb5 Qxe1+ 21. Rxe1 Rxe1+ 22. Bf1 Be5 23. Qd2 Re4 24. Qc2 Re1 25. Qd2 Re4 26. Qc2 Nf6 27. g3 g5 28. a3 Rf8 29. Kg2 Kg7 30. Bc4 Re1 31. f3 b5 32. Bxb5 Nxd5 33. Bg1 fxg3 34. Qd2 Nf4+ 35. Kxg3 Rxg1+ 0-1

[Event "GRE-ch U14"]
[Site "Greece"]
[Date "2014.07.07"]
[Round "6"]
[White "Apostolakakis, Konstantinos"]
[Black "Danis, Hrisovalantis"]
[Result "1-0"]
[WhiteElo "1857"]
[BlackElo "1760"]
[PlyCount "93"]
[EventDate "2014.07.04"]
[EventType "swiss"]
[EventRounds "9"]
[EventCountry "GRE"]
[SourceTitle "EXT 2017"]
[Source "ChessBase"]
[SourceDate "2016.10.25"]
[SourceVersion "1"]
[SourceVersionDate "2016.10.25"]
[SourceQuality "1"]

1. e4 c5 2. Nf3 d6 3. Bb5+ Nd7 4. c3 a6 5. Ba4 b5 6. Bc2 Ngf6 7. 0-0 Bb7 8. Re1 e5 9. d4 Be7 10. Nbd2 0-0 11. Nf1 Qc7 12. d5 c4 13. Ng3 g6 14. h3 Rfe8 15. Nh2 Bc8 16. f4 exf4 17. Bxf4 Ne5 18. Nf3 Bf8 19. Nd4 Bg7 20. Qd2 Nfd7 21. Rf1 Nc5 22. Bh6 Bh8 23. Qf4 Ncd3 24. Bxd3 Nxd3 25. Qh4 b4 26. Nh5 Qe7 27. Nf6+ Bxf6 28. Qxf6 Qxf6 29. Rxf6 Bb7 30. Raf1 Re7 31. Rxd6 Nxb2 32. cxb4 Nd3 33. Nc6 Bxc6 34. dxc6 Nxb4 35. Rc1 Nd3 36. Rxc4 Ne5 37. Rc5 Rc8 38. Rcd5 f6 39. Rxf6 Nxc6 40. Rc5 Rec7 41. e5 a5 42. a4 Kh8 43. e6 Ne7 44. Rxc7 Rxc7 45. Rf8+ Ng8 46. Bf4 Kg7 47. Rxg8+ 1-0

[Event "GRE-ch U18"]
[Site "Thessaloniki"]
[Date "2014.01.05"]
[Round "6"]
[White "Pasoglou, Ekaterini"]
[Black "Danis, Hrisovalantis"]
[Result "0-1"]
[WhiteElo "1626"]
[BlackElo "1737"]
[PlyCount "70"]
[EventDate "2014.01.02"]
[EventType "swiss"]
[EventRounds "9"]
[EventCountry "GRE"]
[SourceTitle "EXT 2017"]
[Source "ChessBase"]
[SourceDate "2016.10.25"]
[SourceVersion "1"]
[SourceVersionDate "2016.10.25"]
[SourceQuality "1"]

1. d4 Nf6 2. Nf3 g6 3. Bf4 Bg7 4. e3 0-0 5. Be2 d6 6. Nbd2 Nbd7 7. h3 b6 8. 0-0 Bb7 9. Re1 Ne4 10. Nxe4 Bxe4 11. Bd3 Bxd3 12. Qxd3 e5 13. Bh2 Qe7 14. Qe2 Rfe8 15. Kf1 Kh8 16. Rad1 Rad8 17. c3 f5 18. Qc4 e4 19. Nd2 Nf6 20. Kg1 Bh6 21. Qe2 g5 22. f3 g4 23. fxg4 fxg4 24. Qf2 Qg7 25. Kh1 Rg8 26. Nf1 Rdf8 27. Qe2 gxh3 28. gxh3 Nd5 29. Nd2 Nxe3 30. Rb1 Qg6 31. Rg1 Qf5 32. h4 Ng4 33. Bg3 Bxd2 34. Qxd2 e3 35. Qe2 Nf2+ 0-1

[Event "GRE-ch U18"]
[Site "Thessaloniki"]
[Date "2014.01.04"]
[Round "4"]
[White "Hosseini Tambatambai, Areios"]
[Black "Danis, Hrisovalantis"]
[Result "1-0"]
[WhiteElo "1469"]
[BlackElo "1737"]
[PlyCount "79"]
[EventDate "2014.01.02"]
[EventType "swiss"]
[EventRounds "9"]
[EventCountry "GRE"]
[SourceTitle "EXT 2017"]
[Source "ChessBase"]
[SourceDate "2016.10.25"]
[SourceVersion "1"]
[SourceVersionDate "2016.10.25"]
[SourceQuality "1"]

1. e4 c5 2. Nf3 d6 3. d4 cxd4 4. Nxd4 Nf6 5. Nc3 Nc6 6. Bg5 g6 7. Bxf6 exf6 8. Qd2 Bg7 9. 0-0-0 0-0 10. Nb3 f5 11. exf5 Bxf5 12. Qxd6 Qxd6 13. Rxd6 Rac8 14. Bd3 Be6 15. Nc5 Nb4 16. Nxe6 fxe6 17. Ne4 Rf7 18. a3 Nd5 19. Rxd5 exd5 20. Nd6 Bh6+ 21. Kb1 Rcf8 22. Nxf7 Rxf7 23. f3 Bg7 24. c3 Be5 25. h3 Bg3 26. Kc2 Kg7 27. Rd1 Kf6 28. Rd2 Rc7 29. Re2 d4 30. c4 Bf4 31. Re4 Be3 32. b4 a5 33. Kb3 axb4 34. axb4 Rc8 35. c5 b6 36. Ba6 Ra8 37. Bb7 Rd8 38. c6 Bf4 39. Rxf4+ Ke5 40. Re4+ 1-0

[Event "GRE-ch U14"]
[Site "Patras"]
[Date "2013.07.14"]
[Round "9.4"]
[White "Kouskoutis, Georgios Alexandros"]
[Black "Danis, Hrisovalantis"]
[Result "1-0"]
[WhiteElo "1912"]
[BlackElo "1709"]
[PlyCount "95"]
[EventDate "2013.07.08"]
[EventType "swiss"]
[EventRounds "9"]
[EventCountry "GRE"]
[SourceTitle "EXT 2024"]
[Source "ChessBase"]
[SourceDate "2023.10.10"]
[SourceVersion "1"]
[SourceVersionDate "2023.10.10"]
[SourceQuality "1"]

1. e4 c5 2. Nf3 d6 3. Bb5+ Bd7 4. Bxd7+ Nxd7 5. c4 Ngf6 6. Nc3 e6 7. d4 cxd4 8. Nxd4 Be7 9. 0-0 a6 10. b3 0-0 11. f4 Re8 12. Qf3 Rc8 13. Kh1 Qa5 14. Bb2 Bf8 15. Nc2 b5 16. g4 Kh8 17. g5 Ng8 18. cxb5 axb5 19. b4 Qb6 20. h4 Qb7 21. a3 Nb6 22. Ne3 Nc4 23. Nxc4 bxc4 24. h5 h6 25. b5 Rc5 26. Rg1 Qe7 27. Qg3 f6 28. Bc1 fxg5 29. fxg5 Qf7 30. Qh3 Be7 31. Be3 Rxg5 32. Bxg5 Bxg5 33. a4 Bf6 34. Rgf1 Qb7 35. Rfe1 Ra8 36. a5 Bxc3 37. Qxc3 Qxb5 38. e5 d5 39. Reb1 Qc6 40. Qd4 Ne7 41. Rb6 Nf5 42. Qg1 Qe8 43. Qg6 Qf8 44. a6 Qc5 45. Qg1 d4 46. Qg2 Rd8 47. a7 Qxb6 48. a8Q 1-0

[Event "GRE-ch U14"]
[Site "Patras"]
[Date "2013.07.13"]
[Round "8.2"]
[White "Danis, Hrisovalantis"]
[Black "Kelires, Andreas"]
[Result "0-1"]
[WhiteElo "1709"]
[BlackElo "2087"]
[PlyCount "90"]
[EventDate "2013.07.08"]
[EventType "swiss"]
[EventRounds "9"]
[EventCountry "GRE"]
[SourceTitle "EXT 2024"]
[Source "ChessBase"]
[SourceDate "2023.10.10"]
[SourceVersion "1"]
[SourceVersionDate "2023.10.10"]
[SourceQuality "1"]

1. d4 Nf6 2. c4 e6 3. Nf3 c5 4. d5 d6 5. Nc3 exd5 6. cxd5 g6 7. h3 a6 8. a4 Qe7 9. Bf4 Nbd7 10. e3 Bg7 11. Be2 0-0 12. 0-0 Ne8 13. Nd2 Ne5 14. Bh2 f5 15. Qb3 g5 16. Rfe1 g4 17. hxg4 fxg4 18. a5 Qg5 19. Bg3 h5 20. Ra4 Bd7 21. Rf4 Nf6 22. Nde4 Nxe4 23. Nxe4 Qe7 24. Qb6 h4 25. Rxf8+ Rxf8 26. Bf4 Ng6 27. Qxd6 Qxe4 28. Qxd7 Nxf4 29. exf4 Qxf4 30. Qe6+ Kh8 31. Bxg4 Bd4 32. Bf3 Qg5 33. Qh3 Qg3 34. Qxg3 hxg3 35. Re7 Rd8 36. Kf1 gxf2 37. b3 Kg8 38. g4 Rd6 39. Kg2 b6 40. axb6 Rxb6 41. Be4 Rxb3 42. d6 Rg3+ 43. Kxg3 f1Q 44. Bf3 Qf2+ 45. Kf4 Qh2+ 0-1

[Event "GRE-ch U14"]
[Site "Patras"]
[Date "2013.07.09"]
[Round "2.3"]
[White "Drakoulakos, Grigorios"]
[Black "Danis, Hrisovalantis"]
[Result "1-0"]
[WhiteElo "1974"]
[BlackElo "1709"]
[PlyCount "91"]
[EventDate "2013.07.08"]
[EventType "swiss"]
[EventRounds "9"]
[EventCountry "GRE"]
[SourceTitle "EXT 2024"]
[Source "ChessBase"]
[SourceDate "2023.10.10"]
[SourceVersion "1"]
[SourceVersionDate "2023.10.10"]
[SourceQuality "1"]

1. d4 Nf6 2. Nf3 e6 3. Nbd2 c5 4. e4 cxd4 5. e5 Nd5 6. Nxd4 d6 7. exd6 Bxd6 8. N2f3 Nd7 9. g3 N7f6 10. c4 Ne7 11. Nb5 Bb4+ 12. Bd2 Bxd2+ 13. Qxd2 Qxd2+ 14. Nxd2 0-0 15. Bg2 Rd8 16. 0-0-0 a6 17. Ne4 Nd7 18. Nbd6 h6 19. Nxc8 Raxc8 20. Nd6 Rc7 21. Bxb7 Nc5 22. Bf3 Rcd7 23. Nb7 Nd3+ 24. Kc2 Nb4+ 25. Kb3 Rxd1 26. Rxd1 Rd3+ 27. Rxd3 Nxd3 28. Kc3 Ne5 29. Be2 N7c6 30. b4 Kf8 31. f4 Nd7 32. c5 Nf6 33. a3 Nd5+ 34. Kb2 Nc7 35. Bc4 Ke7 36. Nd6 f6 37. Kc3 Nd5+ 38. Bxd5 exd5 39. Nf5+ Kd7 40. Nxg7 Ne7 41. Kd4 Kc6 42. g4 Ng6 43. Nf5 a5 44. b5+ Kxb5 45. Kxd5 Nxf4+ 46. Kd6 1-0

[Event "EU-ch U12"]
[Site "Prague"]
[Date "2012.08.22"]
[Round "6"]
[White "Danis, Hrisovalantis"]
[Black "Kyrychenko, Mykola"]
[Result "0-1"]
[WhiteElo "1629"]
[BlackElo "1742"]
[PlyCount "44"]
[EventDate "2012.08.17"]
[EventType "swiss"]
[EventRounds "9"]
[EventCountry "CZE"]
[SourceTitle "CBM 150 Extra"]
[Source "ChessBase"]
[SourceDate "2012.10.19"]
[SourceVersion "1"]
[SourceVersionDate "2012.10.19"]
[SourceQuality "1"]

1. d4 Nf6 2. c4 c5 3. d5 b5 4. cxb5 a6 5. f3 d6 6. e4 g6 7. Na3 Bg7 8. Ne2 axb5 9. Nxb5 0-0 10. Nec3 Na6 11. Be3 Nc7 12. Bc4 Ba6 13. 0-0 Nd7 14. Qd2 Bxc3 15. Qxc3 Nxb5 16. Bxb5 Bxb5 17. Bh6 f6 18. Bxf8 Bxf1 19. Bxe7 Qxe7 20. Kxf1 Qe5 21. Qb3 Rb8 22. Qa4 Qxb2 0-1

[Event "EU-ch U12"]
[Site "Prague"]
[Date "2012.08.20"]
[Round "4"]
[White "Danis, Hrisovalantis"]
[Black "Novy, Filip"]
[Result "0-1"]
[WhiteElo "1629"]
[BlackElo "1875"]
[PlyCount "84"]
[EventDate "2012.08.17"]
[EventType "swiss"]
[EventRounds "9"]
[EventCountry "CZE"]
[SourceTitle "CBM 150 Extra"]
[Source "ChessBase"]
[SourceDate "2012.10.19"]
[SourceVersion "1"]
[SourceVersionDate "2012.10.19"]
[SourceQuality "1"]

1. d4 Nf6 2. c4 g6 3. Nc3 Bg7 4. e4 d6 5. Nge2 0-0 6. Ng3 e5 7. d5 Nbd7 8. Be2 a5 9. h4 Nc5 10. a3 Ne8 11. Rb1 f5 12. exf5 gxf5 13. f4 Qe7 14. Be3 Bh6 15. Nh5 Ng7 16. Kf1 Nxh5 17. Bxh5 exf4 18. Bd4 Ne4 19. Rh3 Ng3+ 20. Kg1 Bd7 21. Qf3 Be8 22. Rxg3+ fxg3 23. Qxg3+ Bg7 24. Bxe8 Raxe8 25. Nb5 Rf7 26. Rf1 Qe4 27. h5 Kh8 28. Qc3 Bxd4+ 29. Nxd4 Qe3+ 30. Qxe3 Rxe3 31. Nxf5 Re5 32. Ng3 Rxf1+ 33. Kxf1 Re3 34. Ne2 Rb3 35. Nd4 Rxb2 36. Nb5 Kg7 37. Nxc7 Kf6 38. Ne8+ Ke5 39. g4 Rc2 40. g5 Rxc4 41. Nf6 Rf4+ 42. Ke2 Rxf6 0-1